00490nam a22001577a 4500010001500000020002600015035001300041037001300054082000800067100002400075245007000099260004100169270005200210300002000262500005000282 aENG-113223 a9789382711353c399.00 aEN-96755 bDBAD/PUB a920 aKhandekar, Abhilash aShivraj Singh and rise of Madhya Pradesh /cby Abhilash Khandekar aNew Delhi bVitasta Publishingc2014 a2/15, Ansari Road, DaryaganjbNew Delhie110002 a193p.c22cm(Hb) aIncludes bibliographical references and index